[Event "13. Golden Prague Rapid Open"]
[Site "Praha"]
[Date "2017.07.01"]
[Round "2.9"]
[White "Rydl, Jiri"]
[Black "Pribyl, Viktor"]
[Result "1-0"]
[WhiteElo "2196"]
[BlackElo "1925"]
[Annotator ""]
[Source ""]
[Remark ""]

1.c4 {[%clk 0:12:02]} c5 {[%clk 0:11:56]} 2.g3 {[%clk 0:12:03]}
Nc6 {[%clk 0:11:52]} 3.Bg2 {[%clk 0:12:03]} g6 {[%clk 0:11:50]}
4.Nc3 {[%clk 0:12:03]} Bg7 {[%clk 0:11:49]} 5.Nf3 {[%clk 0:12:02]}
d6 {[%clk 0:11:41]} 6.d3 {[%clk 0:11:49]} Nf6 {[%clk 0:11:23]}
7.O-O {[%clk 0:11:48]} O-O {[%clk 0:11:24]} 8.Bd2 {[%clk 0:11:42]}
a6 {[%clk 0:11:11]} 9.a3 {[%clk 0:11:43]} Qc7 {[%clk 0:11:07]}
10.Rb1 {[%clk 0:11:38]} b6 {[%clk 0:11:06]} 11.b4 {[%clk 0:11:29]}
Bb7 {[%clk 0:10:13]} 12.e3 {[%clk 0:10:46]} a5 {[%clk 0:09:15]}
13.bxc5 {[%clk 0:10:40]} bxc5 {[%clk 0:09:14]} 14.Qa4 {[%clk 0:09:14]}
Rfb8 {[%clk 0:08:53]} 15.Rb3 Nd7 {[%clk 0:08:06]} 16.Nd5 {[%clk 0:08:32]}
Qd8 {[%clk 0:08:04]} 17.Rfb1 {[%clk 0:08:32]} Qc8 {[%clk 0:07:32]}
18.Ng5 {[%clk 0:07:24]} Bf8 {[%clk 0:06:59]} 19.Nb6 {[%clk 0:06:21]}
Nxb6 {[%clk 0:07:00]} 20.Rxb6 {[%clk 0:06:22]} Nd8 {[%clk 0:06:34]}
21.Qb5 {[%clk 0:05:29]} Ra7 {[%clk 0:06:08]} 22.Bxb7 {[%clk 0:04:04]}
Raxb7 {[%clk 0:05:28]} 23.Qxa5 {[%clk 0:04:05]} Ra8 {[%clk 0:04:54]}
24.Qc3 {[%clk 0:03:47]} Rba7 {[%clk 0:04:47]} 25.R1b3 {[%clk 0:03:30]}
Qc7 {[%clk 0:04:35]} 26.R6b5 {[%clk 0:03:31]} h6 27.Nf3 {[%clk 0:03:30]}
Bg7 {[%clk 0:04:17]} 28.Qc1 {[%clk 0:03:31]} Qc6 {[%clk 0:03:32]}
29.e4 {[%clk 0:03:18]} Ne6 {[%clk 0:03:29]} 30.Bxh6 {[%clk 0:03:10]}
Qc8 {[%clk 0:02:40]} 31.Bxg7 {[%clk 0:03:07]} Nxg7 {[%clk 0:02:42]}
32.Qb2 {[%clk 0:03:06]} Qg4 {[%clk 0:01:48]} 33.Kg2 {[%clk 0:02:28]}
Kh7 {[%clk 0:01:23]} 34.h3 {[%clk 0:02:29]} Qh5 {[%clk 0:00:53]}
35.Rb8 {[%clk 0:02:25]} e5 {[%clk 0:00:25]} 36.Rxa8 {[%clk 0:02:16]}
Rxa8 {[%clk 0:00:27]} 37.Rb8 {[%clk 0:02:11]} Ra7 {[%clk 0:00:26]}
38.Qb6 {[%clk 0:01:59]} Rxa3 {[%clk 0:00:22]} 39.Qd8 {[%clk 0:02:00]}
Ne8 {[%clk 0:00:07]} 40.Qxe8 {[%clk 0:01:58]} Kg7 {[%clk 0:00:09]}
41.Qf8+ {[%clk 0:01:57]} Kf6 {[%clk 0:00:10]} 42.Qxd6+ {[%clk 0:01:59]}
Kg7 {[%clk 0:00:08]} 43.Qf8+ {[%clk 0:02:00]} Kf6 {[%clk 0:00:10]}
44.Rb6# {[%clk 0:01:53]} 1-0

[Event "13. Golden Prague Rapid Open"]
[Site "Praha"]
[Date "2017.07.01"]
[Round "2.10"]
[White "Peyrer, Konstantin"]
[Black "Hosticka, Frantisek"]
[Result "0-1"]
[WhiteElo "1921"]
[BlackElo "2138"]
[Annotator ""]
[Source ""]
[Remark ""]

1.e3 {[%clk 0:12:02]} Nf6 {[%clk 0:12:00]} 2.c4 {[%clk 0:12:04]}
e5 {[%clk 0:11:58]} 3.Nc3 {[%clk 0:12:06]} Bb4 {[%clk 0:12:01]}
4.Nge2 {[%clk 0:12:05]} O-O {[%clk 0:11:52]} 5.a3 {[%clk 0:12:06]}
Be7 {[%clk 0:11:44]} 6.g3 {[%clk 0:12:06]} d5 {[%clk 0:11:37]}
7.cxd5 {[%clk 0:12:06]} Nxd5 {[%clk 0:11:39]} 8.Bg2 {[%clk 0:12:07]}
c6 {[%clk 0:11:37]} 9.O-O {[%clk 0:12:08]} Be6 {[%clk 0:11:24]}
10.d4 {[%clk 0:12:09]} Nxc3 {[%clk 0:11:12]} 11.bxc3 {[%clk 0:12:08]}
Nd7 {[%clk 0:10:57]} 12.Qc2 {[%clk 0:12:03]} Qa5 {[%clk 0:10:31]}
13.c4 {[%clk 0:11:52]} exd4 {[%clk 0:09:23]} 14.Nxd4 {[%clk 0:11:48]}
Bg4 {[%clk 0:09:06]} 15.Bd2 {[%clk 0:11:46]} Qc7 {[%clk 0:08:43]}
16.h3 {[%clk 0:10:36]} Bh5 {[%clk 0:08:33]} 17.f4 {[%clk 0:10:04]}
c5 {[%clk 0:07:46]} 18.Nb5 {[%clk 0:10:01]} Qb8 {[%clk 0:07:02]}
19.g4 {[%clk 0:09:57]} Bf6 {[%clk 0:05:18]} 20.gxh5 {[%clk 0:09:22]}
Bxa1 {[%clk 0:04:58]} 21.Rxa1 {[%clk 0:09:24]} Nf6 {[%clk 0:04:40]}
22.h6 {[%clk 0:09:23]} a6 {[%clk 0:04:17]} 23.Nc3 {[%clk 0:09:11]}
gxh6 {[%clk 0:04:14]} 24.Nd5 {[%clk 0:09:09]} Nxd5 {[%clk 0:04:07]}
25.Bxd5 {[%clk 0:09:10]} Qd6 {[%clk 0:04:00]} 26.Bc3 {[%clk 0:09:10]}
Qg6+ {[%clk 0:03:59]} 27.Kh2 {[%clk 0:09:09]} Qxc2+ 0-1

[Event "13. Golden Prague Rapid Open"]
[Site "Praha"]
[Date "2017.07.01"]
[Round "2.11"]
[White "Benes, Petr"]
[Black "Tejkal, Jiri"]
[Result "1-0"]
[WhiteElo "2137"]
[BlackElo "1899"]
[Annotator ""]
[Source ""]
[Remark ""]

1.Nf3 {[%clk 0:11:58]} Nf6 {[%clk 0:12:04]} 2.c4 {[%clk 0:11:55]}
c6 {[%clk 0:12:05]} 3.e3 {[%clk 0:11:41]} d5 {[%clk 0:12:04]}
4.b3 {[%clk 0:11:40]} Bf5 {[%clk 0:12:00]} 5.Be2 {[%clk 0:11:08]}
e6 {[%clk 0:11:58]} 6.O-O {[%clk 0:11:07]} h6 {[%clk 0:11:58]}
7.Bb2 {[%clk 0:10:18]} Nbd7 {[%clk 0:11:44]} 8.Nc3 {[%clk 0:10:17]}
Be7 {[%clk 0:11:08]} 9.Rc1 {[%clk 0:10:02]} O-O {[%clk 0:11:01]}
10.h3 {[%clk 0:08:52]} Ne4 {[%clk 0:10:16]} 11.Nd4 {[%clk 0:08:38]}
Bh7 {[%clk 0:09:32]} 12.cxd5 {[%clk 0:08:21]} exd5 {[%clk 0:09:23]}
13.Bg4 {[%clk 0:08:12]} Ndf6 {[%clk 0:08:44]} 14.Bf3 {[%clk 0:07:55]}
Nc5 {[%clk 0:08:02]} 15.Be2 {[%clk 0:07:40]} Nd3 {[%clk 0:07:37]}
16.Bxd3 {[%clk 0:07:36]} Bxd3 {[%clk 0:07:37]} 17.Nce2 {[%clk 0:07:13]}
Bd6 {[%clk 0:06:02]} 18.Nf3 {[%clk 0:06:50]} Qe7 {[%clk 0:05:05]}
19.Re1 {[%clk 0:06:14]} Rad8 {[%clk 0:04:54]} 20.Nf4 {[%clk 0:06:01]}
Bxf4 {[%clk 0:04:23]} 21.exf4 {[%clk 0:06:03]} Qd6 {[%clk 0:03:37]}
22.Be5 {[%clk 0:05:42]} Qd7 {[%clk 0:03:15]} 23.Re3 {[%clk 0:05:04]}
Bh7 {[%clk 0:02:57]} 24.Bd4 {[%clk 0:03:45]} Ne4 {[%clk 0:02:10]}
25.Ne5 {[%clk 0:03:05]} Qc8 {[%clk 0:01:43]} 26.Bxa7 {[%clk 0:02:04]}
Nd6 {[%clk 0:01:25]} 27.Bc5 {[%clk 0:02:06]} Rfe8 {[%clk 0:01:26]}
28.g4 {[%clk 0:01:43]} Ne4 {[%clk 0:00:50]} 29.Bb6 {[%clk 0:01:34]}
Rd6 {[%clk 0:00:48]} 30.d3 {[%clk 0:01:32]} Nf6 {[%clk 0:00:45]}
31.Qe2 {[%clk 0:01:28]} Rf8 {[%clk 0:00:12]} 32.Bc5 {[%clk 0:01:28]}
Rdd8 {[%clk 0:00:07]} 33.Bxf8 {[%clk 0:01:26]} Rxf8 {[%clk 0:00:07]}
34.f5 {[%clk 0:01:20]} h5 {[%clk 0:00:00]} 1-0

[Event "13. Golden Prague Rapid Open"]
[Site "Praha"]
[Date "2017.07.01"]
[Round "2.12"]
[White "Pribylova, Sofie"]
[Black "Tsenov, Tsvetoslav"]
[Result "0-1"]
[WhiteElo "1880"]
[BlackElo "2129"]
[Annotator ""]
[Source ""]
[Remark ""]

1.d4 {[%clk 0:12:04]} f5 {[%clk 0:12:02]} 2.Bg5 {[%clk 0:11:55]}
g6 {[%clk 0:12:02]} 3.e3 {[%clk 0:10:55]} Bg7 {[%clk 0:12:03]}
4.h4 {[%clk 0:10:38]} Nf6 {[%clk 0:12:00]} 5.Bc4 {[%clk 0:10:06]}
d5 {[%clk 0:11:29]} 6.Bd3 {[%clk 0:10:04]} Nbd7 {[%clk 0:10:49]}
7.Nf3 {[%clk 0:10:01]} c5 {[%clk 0:10:29]} 8.c3 {[%clk 0:10:00]}
Qb6 {[%clk 0:10:29]} 9.Qc2 {[%clk 0:09:44]} O-O {[%clk 0:10:07]}
10.Nbd2 {[%clk 0:09:37]} c4 {[%clk 0:10:05]} 11.Be2 {[%clk 0:09:35]}
Re8 {[%clk 0:10:07]} 12.O-O {[%clk 0:07:49]} Qc6 {[%clk 0:08:28]}
13.b3 {[%clk 0:07:37]} b5 {[%clk 0:08:30]} 14.a4 {[%clk 0:07:31]}
a6 {[%clk 0:08:31]} 15.axb5 {[%clk 0:07:01]} axb5 {[%clk 0:08:33]}
16.Ra2 {[%clk 0:06:16]} Bb7 {[%clk 0:08:26]} 17.Rfa1 {[%clk 0:06:16]}
Rxa2 {[%clk 0:08:21]} 18.Rxa2 {[%clk 0:06:13]} Ne4 {[%clk 0:08:13]}
19.b4 {[%clk 0:05:32]} Nb6 {[%clk 0:07:01]} 20.Ra5 {[%clk 0:04:43]}
Na4 {[%clk 0:06:57]} 21.Nxe4 {[%clk 0:04:10]} fxe4 {[%clk 0:06:36]}
22.Ne5 {[%clk 0:04:02]} Bxe5 {[%clk 0:06:12]} 23.dxe5 {[%clk 0:04:03]}
Qd7 {[%clk 0:04:52]} 24.Ra7 {[%clk 0:03:42]} Qc7 {[%clk 0:03:51]}
25.e6 {[%clk 0:03:26]} Qb6 {[%clk 0:03:37]} 26.Ra5 {[%clk 0:03:28]}
Bc6 {[%clk 0:03:11]} 27.Qd2 {[%clk 0:03:08]} Kg7 {[%clk 0:01:36]}
28.Bg4 {[%clk 0:02:26]} Bb7 {[%clk 0:01:23]} 29.Bf4 {[%clk 0:02:17]}
h5 {[%clk 0:01:22]} 30.Be5+ {[%clk 0:01:54]} Kh7 {[%clk 0:01:19]}
31.Bh3 {[%clk 0:01:19]} Qc6 {[%clk 0:01:21]} 32.g4 {[%clk 0:00:58]}
hxg4 {[%clk 0:01:15]} 33.Bxg4 {[%clk 0:00:59]} Bc8 {[%clk 0:01:17]}
34.h5 {[%clk 0:00:47]} Bxe6 {[%clk 0:01:18]} 35.hxg6+ {[%clk 0:00:43]}
Kxg6 {[%clk 0:01:19]} 36.Qe2 {[%clk 0:00:33]} Rg8 {[%clk 0:01:21]}
37.Kf1 {[%clk 0:00:22]} Qd7 {[%clk 0:01:07]} 38.Bh5+ {[%clk 0:00:23]}
Kh7 {[%clk 0:01:03]} 39.f4 {[%clk 0:00:10]} Bh3+ {[%clk 0:00:56]}
40.Ke1 {[%clk 0:00:11]} Rg1+ {[%clk 0:00:55]} 41.Kd2 {[%clk 0:00:10]}
Rg2 {[%clk 0:00:56]} 42.Qxg2 {[%clk 0:00:06]} Bxg2 {[%clk 0:00:58]} 0-1

[Event "13. Golden Prague Rapid Open"]
[Site "Praha"]
[Date "2017.07.01"]
[Round "2.13"]
[White "Reznicek, Marcel"]
[Black "Rahul, Srivasthav Peddi"]
[Result "1/2-1/2"]
[WhiteElo "2091"]
[BlackElo "1822"]
[Annotator ""]
[Source ""]
[Remark ""]

1.e4 {[%clk 0:12:05]} c5 {[%clk 0:12:04]} 2.Nc3 {[%clk 0:12:07]}
e6 {[%clk 0:12:05]} 3.g3 {[%clk 0:12:09]} d5 {[%clk 0:12:06]}
4.Bg2 {[%clk 0:12:07]} Nf6 {[%clk 0:12:01]} 5.e5 {[%clk 0:12:10]}
Nfd7 {[%clk 0:12:04]} 6.f4 {[%clk 0:12:11]} Nc6 {[%clk 0:12:01]}
7.d3 {[%clk 0:12:12]} Be7 {[%clk 0:11:55]} 8.Nf3 {[%clk 0:12:14]}
a6 {[%clk 0:11:36]} 9.O-O {[%clk 0:12:14]} b5 {[%clk 0:11:37]}
10.Ne2 {[%clk 0:12:15]} Bb7 {[%clk 0:11:34]} 11.c3 {[%clk 0:12:17]}
Qc7 {[%clk 0:11:35]} 12.d4 {[%clk 0:12:16]} c4 {[%clk 0:11:28]}
13.a3 {[%clk 0:12:14]} O-O-O {[%clk 0:11:24]} 14.Ng5 {[%clk 0:12:09]}
Rdf8 {[%clk 0:11:20]} 15.f5 {[%clk 0:12:11]} exf5 {[%clk 0:11:11]}
16.Bxd5 {[%clk 0:12:07]} Bxg5 {[%clk 0:10:13]} 17.Bxg5 {[%clk 0:12:07]}
h6 {[%clk 0:10:08]} 18.Be3 {[%clk 0:12:07]} Nb6 {[%clk 0:10:07]}
19.Bg2 {[%clk 0:12:04]} g6 {[%clk 0:10:08]} 20.Qd2 {[%clk 0:12:00]}
h5 {[%clk 0:10:07]} 21.Bg5 {[%clk 0:11:53]} Ne7 {[%clk 0:10:04]}
22.Nf4 {[%clk 0:11:38]} Ned5 {[%clk 0:10:00]} 23.Nxd5 {[%clk 0:11:32]}
Bxd5 {[%clk 0:10:00]} 24.Rae1 {[%clk 0:11:18]} Re8 {[%clk 0:09:58]}
25.Bf6 {[%clk 0:10:59]} Rhg8 {[%clk 0:09:52]} 26.Bh3 {[%clk 0:10:41]}
Re6 {[%clk 0:09:44]} 27.Qg5 {[%clk 0:10:25]} Rge8 {[%clk 0:09:40]}
28.Re2 {[%clk 0:10:01]} Nd7 {[%clk 0:09:29]} 29.Bg7 {[%clk 0:10:02]}
Qb6 {[%clk 0:09:27]} 30.Ref2 {[%clk 0:10:01]} Kb8 {[%clk 0:09:15]}
31.Qd2 {[%clk 0:09:44]} Qc6 {[%clk 0:09:12]} 32.Bh6 {[%clk 0:09:43]}
f6 {[%clk 0:09:06]} 33.exf6 {[%clk 0:08:56]} Nxf6 {[%clk 0:09:08]}
34.Bf4+ {[%clk 0:08:43]} Kb7 {[%clk 0:09:01]} 35.Bg2 {[%clk 0:08:35]}
Qb6 {[%clk 0:08:48]} 36.Be5 {[%clk 0:08:28]} Bxg2 {[%clk 0:08:48]}
37.Kxg2 {[%clk 0:08:05]} Ng4 {[%clk 0:08:49]} 38.Re2 {[%clk 0:07:52]}
Nxe5 {[%clk 0:08:50]} 39.dxe5 {[%clk 0:07:47]} Qc6+ {[%clk 0:08:48]}
40.Kh3 {[%clk 0:07:30]} Rxe5 {[%clk 0:08:40]} 41.Rxe5 {[%clk 0:07:27]}
Rxe5 {[%clk 0:08:41]} 42.Rf2 {[%clk 0:07:04]} Rd5 {[%clk 0:08:31]}
43.Qg5 {[%clk 0:07:00]} Qe6 {[%clk 0:08:23]} 44.Qh6 {[%clk 0:06:46]}
f4+ {[%clk 0:08:20]} 45.Kg2 {[%clk 0:06:38]} Qe4+ {[%clk 0:08:19]}
46.Kh3 {[%clk 0:06:33]} Qf5+ {[%clk 0:08:20]} 47.Kg2 {[%clk 0:06:33]}
f3+ {[%clk 0:08:22]} 48.Rxf3 {[%clk 0:06:34]} Qc2+ {[%clk 0:08:19]}
49.Rf2 {[%clk 0:06:33]} Qe4+ {[%clk 0:08:19]} 50.Kh3 {[%clk 0:06:32]}
h4 {[%clk 0:08:09]} 51.Qg7+ {[%clk 0:06:27]} Kb6 {[%clk 0:08:11]}
52.Rf6+ {[%clk 0:05:48]} Ka5 {[%clk 0:08:13]} 53.Qxg6 {[%clk 0:05:37]}
Qxg6 {[%clk 0:07:56]} 54.Rxg6 {[%clk 0:05:38]} hxg3 {[%clk 0:07:58]}
55.Rxg3 {[%clk 0:05:35]} Ka4 {[%clk 0:07:58]} 56.Rg2 {[%clk 0:05:32]}
Kb3 {[%clk 0:08:00]} 57.Kg4 {[%clk 0:05:33]} Rd8 {[%clk 0:07:57]}
58.Re2 {[%clk 0:05:22]} Rg8+ {[%clk 0:07:57]} 59.Kf5 {[%clk 0:05:23]}
Rf8+ {[%clk 0:07:59]} 60.Kg6 {[%clk 0:05:26]} Rh8 {[%clk 0:08:00]}
61.Kg5 {[%clk 0:05:02]} Rg8+ {[%clk 0:08:02]} 62.Kf4 {[%clk 0:05:04]}
Rf8+ {[%clk 0:08:04]} 63.Kg3 {[%clk 0:05:01]} Rg8+ {[%clk 0:08:06]}
64.Kf2 {[%clk 0:04:44]} Rh8 {[%clk 0:08:07]} 65.Ke1 {[%clk 0:04:44]}
a5 {[%clk 0:07:59]} 66.Kd1 {[%clk 0:04:14]} Rh3 {[%clk 0:07:32]}
67.Kc1 {[%clk 0:04:13]} b4 {[%clk 0:07:34]} 68.axb4 axb4 {[%clk 0:07:31]}
69.cxb4 {[%clk 0:04:00]} Kxb4 {[%clk 0:06:59]} 70.Kc2 {[%clk 0:04:02]}
Rf3 {[%clk 0:06:48]} 71.Rg2 {[%clk 0:03:59]} Rh3 {[%clk 0:06:48]}
72.Rf2 {[%clk 0:03:58]} Rh4 {[%clk 0:06:44]} 73.Kd2 {[%clk 0:03:56]}
Kb3 {[%clk 0:06:46]} 74.Kc1 {[%clk 0:03:55]} c3 {[%clk 0:06:44]}
75.bxc3 {[%clk 0:03:37]} Kxc3 {[%clk 0:06:44]} 76.Kd1 {[%clk 0:03:32]}
Kd4 {[%clk 0:06:37]} 77.Ke2 {[%clk 0:03:30]} Ke5 {[%clk 0:06:38]}
78.Kf1 {[%clk 0:03:29]} Rf4 {[%clk 0:06:40]} 79.Kg2 {[%clk 0:02:37]}
Rxf2+ {[%clk 0:06:39]} 80.Kxf2 {[%clk 0:02:39]} Kf4 {[%clk 0:06:41]}
81.Kg2 {[%clk 0:02:41]} Kg4 {[%clk 0:06:43]} 82.h3+ {[%clk 0:02:44]}
Kh5 {[%clk 0:06:45]} 83.Kh2 {[%clk 0:02:46]} Kh6 {[%clk 0:06:47]}
84.Kg3 {[%clk 0:02:48]} Kg6 {[%clk 0:06:49]} 85.Kg4 {[%clk 0:02:51]}
Kf6 {[%clk 0:06:51]} 86.Kh5 {[%clk 0:02:53]} Kg7 {[%clk 0:06:54]}
87.h4 {[%clk 0:02:55]} Kh7 {[%clk 0:06:56]} 88.Kg5 {[%clk 0:02:57]}
Kg7 {[%clk 0:06:58]} 89.Kh5 {[%clk 0:03:00]} Kh7 {[%clk 0:07:00]}
90.Kg5 1/2-1/2

[Event "13. Golden Prague Rapid Open"]
[Site "Praha"]
[Date "2017.07.01"]
[Round "2.14"]
[White "Vetrovsky, Michal"]
[Black "Dome, Michal"]
[Result "1-0"]
[WhiteElo "2081"]
[BlackElo "1389"]
[Annotator ""]
[Source ""]
[Remark ""]

1.d4 {[%clk 0:12:03]} d5 {[%clk 0:12:04]} 2.Bf4 {[%clk 0:12:03]}
c5 {[%clk 0:12:03]} 3.c3 {[%clk 0:12:03]} Nc6 {[%clk 0:12:01]}
4.e3 {[%clk 0:12:03]} Nf6 {[%clk 0:11:48]} 5.h3 {[%clk 0:11:50]}
cxd4 {[%clk 0:10:59]} 6.exd4 {[%clk 0:11:48]} e6 {[%clk 0:10:52]}
7.Nf3 {[%clk 0:11:44]} Bd6 {[%clk 0:10:38]} 8.Bxd6 {[%clk 0:11:42]}
Qxd6 {[%clk 0:10:39]} 9.Bd3 {[%clk 0:11:25]} a6 {[%clk 0:10:11]}
10.O-O {[%clk 0:11:20]} O-O {[%clk 0:10:09]} 11.Nbd2 {[%clk 0:11:18]}
b5 {[%clk 0:09:43]} 12.a3 {[%clk 0:11:13]} Rb8 {[%clk 0:09:35]}
13.Qe2 {[%clk 0:11:13]} Qc7 {[%clk 0:08:55]} 14.Rfe1 {[%clk 0:11:05]}
Na7 {[%clk 0:08:13]} 15.Nb3 {[%clk 0:10:21]} h6 {[%clk 0:07:34]}
16.Ne5 {[%clk 0:10:15]} Nd7 {[%clk 0:07:05]} 17.Nxd7 {[%clk 0:10:11]}
Bxd7 {[%clk 0:06:56]} 18.Nc5 {[%clk 0:10:11]} Bc8 {[%clk 0:06:30]}
19.b4 {[%clk 0:10:10]} Nc6 {[%clk 0:06:15]} 20.Bc2 {[%clk 0:09:27]}
Ne7 {[%clk 0:05:53]} 21.Qd3 {[%clk 0:09:22]} g6 {[%clk 0:05:40]}
22.Qd2 {[%clk 0:08:54]} Kg7 {[%clk 0:05:26]} 23.Re3 {[%clk 0:08:29]}
Nf5 {[%clk 0:04:23]} 24.Bxf5 {[%clk 0:08:19]} gxf5 {[%clk 0:03:59]}
25.Rae1 {[%clk 0:07:33]} Rb6 {[%clk 0:03:47]} 26.Re5 {[%clk 0:07:22]}
Kh7 {[%clk 0:03:02]} 27.Qf4 {[%clk 0:06:08]} Qd6 {[%clk 0:02:30]}
28.Qh4 {[%clk 0:05:52]} Rc6 {[%clk 0:01:53]} 29.R1e3 {[%clk 0:05:37]}
Rc7 {[%clk 0:01:43]} 30.Rg3 {[%clk 0:03:20]} f6 {[%clk 0:01:14]}
31.Qh5 {[%clk 0:02:18]} Rg7 {[%clk 0:00:23]} 32.Rxg7+ {[%clk 0:02:15]}
Kxg7 {[%clk 0:00:25]} 33.Re3 {[%clk 0:02:15]} Kh7 {[%clk 0:00:04]}
34.Rg3 {[%clk 0:02:13]} Qe7 {[%clk 0:00:05]} 35.Qg6+ {[%clk 0:02:05]}
Kh8 {[%clk 0:00:05]} 36.Qxh6+ {[%clk 0:02:06]} 1-0

[Event "13. Golden Prague Rapid Open"]
[Site "Praha"]
[Date "2017.07.01"]
[Round "2.15"]
[White "Pipek, Petr"]
[Black "Festa, Samuele"]
[Result "1-0"]
[WhiteElo "1707"]
[BlackElo "2078"]
[Annotator ""]
[Source ""]
[Remark ""]

1.d4 {[%clk 0:12:04]} Nf6 {[%clk 0:12:04]} 2.c4 {[%clk 0:12:06]}
g6 {[%clk 0:12:05]} 3.Nc3 {[%clk 0:12:08]} Bg7 {[%clk 0:12:05]}
4.Nf3 {[%clk 0:12:09]} O-O {[%clk 0:12:03]} 5.e3 {[%clk 0:12:11]}
d5 {[%clk 0:11:12]} 6.Be2 {[%clk 0:12:11]} c6 {[%clk 0:10:31]}
7.O-O {[%clk 0:12:10]} Bg4 {[%clk 0:10:18]} 8.cxd5 {[%clk 0:11:49]}
Nxd5 {[%clk 0:09:37]} 9.Qb3 {[%clk 0:11:24]} Nxc3 {[%clk 0:08:23]}
10.bxc3 {[%clk 0:11:23]} Qc7 {[%clk 0:08:06]} 11.h3 {[%clk 0:11:20]}
Be6 {[%clk 0:08:01]} 12.c4 {[%clk 0:10:48]} b5 {[%clk 0:07:10]}
13.Ba3 {[%clk 0:10:36]} a5 {[%clk 0:06:18]} 14.Rac1 {[%clk 0:09:48]}
b4 {[%clk 0:06:05]} 15.Bb2 {[%clk 0:09:49]} c5 {[%clk 0:05:44]}
16.dxc5 {[%clk 0:08:17]} Bxb2 {[%clk 0:05:39]} 17.Qxb2 {[%clk 0:08:19]}
Qxc5 {[%clk 0:04:37]} 18.Qd4 {[%clk 0:08:08]} Na6 {[%clk 0:04:15]}
19.Rfd1 {[%clk 0:07:24]} Rac8 {[%clk 0:04:10]} 20.Qxc5 {[%clk 0:07:16]}
Rxc5 {[%clk 0:03:48]} 21.Nd4 {[%clk 0:07:18]} Bc8 {[%clk 0:03:09]}
22.Nb3 {[%clk 0:07:20]} Re5 {[%clk 0:03:00]} 23.c5 {[%clk 0:07:07]}
a4 {[%clk 0:02:57]} 24.Bxa6 {[%clk 0:06:53]} Bxa6 {[%clk 0:02:24]}
25.Nd4 {[%clk 0:06:50]} Rc8 {[%clk 0:02:15]} 26.c6 {[%clk 0:06:51]}
Rd5 {[%clk 0:01:54]} 27.f4 {[%clk 0:06:03]} e5 {[%clk 0:01:36]}
28.fxe5 {[%clk 0:05:50]} Rxe5 {[%clk 0:01:38]} 29.Kf2 {[%clk 0:05:52]}
Rd5 {[%clk 0:01:18]} 30.Rb1 {[%clk 0:05:43]} Bc4 {[%clk 0:00:55]}
31.Rxb4 {[%clk 0:05:11]} Bxa2 {[%clk 0:00:57]} 32.Rd2 {[%clk 0:05:13]}
 1-0

[Event "13. Golden Prague Rapid Open"]
[Site "Praha"]
[Date "2017.07.01"]
[Round "2.16"]
[White "Vavrinec, Tomas"]
[Black "Pochinkov, Andrey"]
[Result "0-1"]
[WhiteElo "2068"]
[BlackElo "2021"]
[Annotator ""]
[Source ""]
[Remark ""]

1.c4 {[%clk 0:12:03]} e5 {[%clk 0:12:04]} 2.Nc3 {[%clk 0:12:06]}
Nf6 {[%clk 0:12:06]} 3.Nf3 {[%clk 0:12:08]} Nc6 {[%clk 0:12:07]}
4.g3 {[%clk 0:12:10]} Bb4 {[%clk 0:12:09]} 5.Nd5 {[%clk 0:12:07]}
Bc5 {[%clk 0:12:01]} 6.Bg2 {[%clk 0:12:00]} O-O {[%clk 0:11:38]}
7.O-O {[%clk 0:12:02]} Re8 {[%clk 0:11:29]} 8.d3 {[%clk 0:11:57]}
h6 {[%clk 0:11:28]} 9.Nd2 {[%clk 0:11:09]} Bf8 {[%clk 0:10:46]}
10.a3 {[%clk 0:11:09]} a5 {[%clk 0:10:47]} 11.Rb1 {[%clk 0:11:11]}
a4 {[%clk 0:10:40]} 12.Nc3 {[%clk 0:11:11]} Nd4 {[%clk 0:10:05]}
13.e3 {[%clk 0:10:48]} Ne6 {[%clk 0:10:00]} 14.Nxa4 {[%clk 0:10:49]}
d5 {[%clk 0:09:59]} 15.Nc3 {[%clk 0:09:44]} d4 {[%clk 0:09:56]}
16.Nd5 {[%clk 0:08:57]} Nxd5 {[%clk 0:08:51]} 17.cxd5 {[%clk 0:08:50]}
Ng5 {[%clk 0:08:43]} 18.exd4 {[%clk 0:07:55]} exd4 {[%clk 0:08:43]}
19.Ne4 {[%clk 0:07:49]} Nh3+ {[%clk 0:08:41]} 20.Kh1 {[%clk 0:07:36]}
f5 {[%clk 0:08:24]} 21.Nd2 {[%clk 0:06:03]} f4 {[%clk 0:07:38]}
22.Nf3 {[%clk 0:06:02]} Bg4 {[%clk 0:06:45]} 23.Qb3 {[%clk 0:06:03]}
Re2 {[%clk 0:05:48]} 24.d6+ {[%clk 0:04:37]} Kh8 {[%clk 0:05:49]}
25.Nxd4 {[%clk 0:03:03]} Rxf2 {[%clk 0:05:43]} 26.Bxf4 {[%clk 0:02:45]}
Rxf1+ {[%clk 0:05:36]} 27.Rxf1 {[%clk 0:02:42]} Bxd6 {[%clk 0:05:30]}
28.Bxd6 {[%clk 0:02:23]} Qxd6 {[%clk 0:05:31]} 29.Qxb7 {[%clk 0:02:06]}
Rd8 {[%clk 0:04:50]} 30.Nc6 {[%clk 0:01:59]} Re8 {[%clk 0:04:43]}
31.Qb4 {[%clk 0:01:56]} Qxd3 {[%clk 0:04:31]} 32.Qxg4 {[%clk 0:01:53]}
Qxf1+ {[%clk 0:04:18]} 33.Bxf1 {[%clk 0:01:51]} Nf2+ {[%clk 0:04:20]}
34.Kg2 {[%clk 0:01:40]} Nxg4 {[%clk 0:04:21]} 35.Bb5 {[%clk 0:01:25]}
Rf8 {[%clk 0:04:17]} 36.h3 {[%clk 0:01:20]} Ne3+ {[%clk 0:04:16]}
37.Kh2 {[%clk 0:01:10]} Rf2+ {[%clk 0:04:14]} 38.Kh1 {[%clk 0:01:09]}
Rxb2 {[%clk 0:04:15]} 39.a4 {[%clk 0:01:11]} g5 {[%clk 0:04:07]}
40.Ne5 {[%clk 0:01:03]} c5 {[%clk 0:04:00]} 41.Nd3 {[%clk 0:01:00]}
Rb1+ {[%clk 0:04:01]} 42.Kh2 {[%clk 0:01:02]} c4 {[%clk 0:04:01]}
43.Ne5 {[%clk 0:00:58]} c3 {[%clk 0:04:00]} 44.h4 {[%clk 0:00:44]}
c2 {[%clk 0:03:59]} 45.Nd3 {[%clk 0:00:46]} Rd1 {[%clk 0:03:41]}
46.hxg5 {[%clk 0:00:43]} Rxd3 {[%clk 0:03:42]} 47.Bxd3 {[%clk 0:00:45]}
c1Q {[%clk 0:03:43]} 48.Be4 {[%clk 0:00:30]} Ng4+ {[%clk 0:03:36]}
49.Kg2 {[%clk 0:00:28]} Qxg5 {[%clk 0:03:30]} 0-1

[Event "13. Golden Prague Rapid Open"]
[Site "Praha"]
[Date "2017.07.01"]
[Round "2.17"]
[White "Husa, Daniel"]
[Black "Aubrecht, Petr"]
[Result "0-1"]
[WhiteElo "1482"]
[BlackElo "1659"]
[Annotator ""]
[Source ""]
[Remark ""]

1.Nf3 Nf6 2.g3 d6 3.Bg2 g6 4.O-O Bg7 5.d3 O-O 6.e4 c5 7.Nbd2
Nc6 8.c3 Ne8 9.Ne1 e6 10.f4 d5 11.Nef3 d4 12.c4 e5 13.Nb3 b6
14.Qe2 Bg4 15.h3 Bxf3 16.Bxf3 Nd6 17.Bg2 Qd7 18.Kh2 exf4 19.gxf4
Rae8 20.Qf3 Nb4 21.Bd2 Qa4 22.Bxb4 Qxb4 23.f5 gxf5 24.exf5 Re3
25.Qg4 f6 26.Bd5+ Kh8 27.Rg1 Ne8 28.Bc6 Re7 29.Bxe8 Rfxe8 30.Rg2
Qa4 31.Rgg1 Qc6 32.Rae1 Qc7+ 33.Rg3 Rxe1 34.Qh5 R8e2+ 0-1